[Event "GER CupT"]
[Site "Germany"]
[Date "2023.01.28"]
[Round "1.1"]
[White "Neukirchner, Pascal"]
[Black "Pallas, Sebastian"]
[Result "1-0"]
[WhiteElo "2276"]
[BlackElo "2230"]
[PlyCount "87"]
[EventDate "2023.01.28"]
[EventType "team-k.o."]
[EventRounds "4"]
[EventCountry "GER"]
[SourceTitle "EXT 2024"]
[Source "ChessBase"]
[SourceDate "2023.10.10"]
[SourceVersion "1"]
[SourceVersionDate "2023.10.10"]
[SourceQuality "1"]
[WhiteTeam "Grundau"]
[BlackTeam "Loeberitz"]
[WhiteTeamCountry "GER"]
[BlackTeamCountry "GER"]

1. d4 Nf6 2. c4 g6 3. f3 d5 4. cxd5 Nxd5 5. e4 Nb6 6. Nc3 Bg7 7. Be3 0-0 8. Qd2 Nc6 9. 0-0-0 f5 10. e5 Nb4 11. Nh3 Be6 12. a3 N4d5 13. Nxd5 Nxd5 14. Bc4 Qd7 15. Bxd5 Bxd5 16. Qc3 Rfc8 17. Nf4 e6 18. Nxd5 Qxd5 19. Kb1 c6 20. h4 Rf8 21. Qc1 h5 22. Bh6 Rf7 23. Qg5 Kh7 24. Bxg7 Rxg7 25. Qf4 Kg8 26. Rhf1 Rf8 27. Qh6 f4 28. Rg1 Qb3 29. Ka1 Qc2 30. g4 fxg3 31. Rd2 Qf5 32. Rxg3 Kf7 33. Qe3 Kg8 34. Rdg2 Kh7 35. Qb3 Rff7 36. Rg1 Rf8 37. Rg5 Qh3 38. R1g3 Qxh4 39. Qxe6 Rfg8 40. Qc4 Rd7 41. Rxg6 Rxg6 42. Rxg6 Rd5 43. Qc2 Qxd4 44. Qf5 1-0

[Event "BL2-Ost 2122"]
[Site "Germany"]
[Date "2022.06.19"]
[Round "8.1"]
[White "Mihok, Oliver"]
[Black "Pallas, Sebastian"]
[Result "1-0"]
[WhiteElo "2543"]
[BlackElo "2248"]
[PlyCount "83"]
[EventDate "2022.03.05"]
[EventType "team-tourn"]
[EventRounds "10"]
[EventCountry "GER"]
[SourceTitle "EXT 2023"]
[Source "ChessBase"]
[SourceDate "2022.10.05"]
[SourceVersion "1"]
[SourceVersionDate "2022.10.05"]
[SourceQuality "1"]
[WhiteTeam "Erfurt"]
[BlackTeam "Loeberitz"]
[WhiteTeamCountry "GER"]
[BlackTeamCountry "GER"]

1. d4 Nf6 2. Bf4 g6 3. Nc3 d5 4. e3 Bg7 5. h4 h6 6. Nf3 Bg4 7. Qd2 c6 8. Ne5 Nbd7 9. f3 Be6 10. g4 Nb6 11. 0-0-0 Nfd7 12. Qh2 Nxe5 13. Bxe5 Bxe5 14. Qxe5 Rg8 15. g5 Qb8 16. Qxb8+ Rxb8 17. Bd3 hxg5 18. hxg5 Nc8 19. Rh7 Nd6 20. e4 Kd7 21. Rdh1 Rbf8 22. b3 Ne8 23. Na4 b6 24. c4 Nc7 25. Nc3 f6 26. cxd5 cxd5 27. exd5 Nxd5 28. Bb5+ Kd8 29. Bc4 Nf4 30. d5 Bd7 31. d6 e6 32. Re7 Nh5 33. Ne4 f5 34. Nf6 Nxf6 35. gxf6 Rh8 36. Rxh8 Rxh8 37. f4 b5 38. Be2 Rf8 39. f7 a6 40. Kd2 Bc6 41. Ke3 Bd5 42. Kd4 1-0

[Event "GER-CupT 2122 prel2"]
[Site "Gera"]
[Date "2022.03.27"]
[Round "2.2"]
[White "Hoffmann, Bernhard"]
[Black "Pallas, Sebastian"]
[Result "0-1"]
[WhiteElo "2084"]
[BlackElo "2226"]
[PlyCount "60"]
[EventDate "2022.03.26"]
[EventType "team-k.o."]
[EventRounds "2"]
[EventCountry "GER"]
[SourceTitle "EXT 2023"]
[Source "ChessBase"]
[SourceDate "2022.10.05"]
[SourceVersion "1"]
[SourceVersionDate "2022.10.05"]
[SourceQuality "1"]
[WhiteTeam "Hildesheim"]
[BlackTeam "Loeberitz"]
[WhiteTeamCountry "GER"]
[BlackTeamCountry "GER"]

1. d4 Nf6 2. Bf4 g6 3. e3 Bg7 4. Nf3 0-0 5. Be2 d5 6. Nc3 c5 7. dxc5 Nc6 8. 0-0 Bg4 9. h3 Bxf3 10. Bxf3 e5 11. Bg3 e4 12. Be2 d4 13. exd4 Qxd4 14. Bd6 Rfd8 15. Qc1 Rxd6 16. cxd6 Qxd6 17. Qe3 Qe5 18. Rfd1 Bf8 19. h4 h6 20. a3 Bc5 21. Qxh6 Qg3 22. Rf1 Ne5 23. Kh1 Bxf2 24. Nd5 Nxd5 25. Qg5 Qxg5 26. hxg5 e3 27. g3 Bxg3 28. Kg2 Bf2 29. Rfd1 Nf4+ 30. Kf1 Kg7 0-1

[Event "GER-CupT 2122 prel2"]
[Site "Gera"]
[Date "2022.03.26"]
[Round "1.1"]
[White "Filipiak, Thomas"]
[Black "Pallas, Sebastian"]
[Result "0-1"]
[WhiteElo "2032"]
[BlackElo "2226"]
[PlyCount "56"]
[EventDate "2022.03.26"]
[EventType "team-k.o."]
[EventRounds "2"]
[EventCountry "GER"]
[SourceTitle "EXT 2023"]
[Source "ChessBase"]
[SourceDate "2022.10.05"]
[SourceVersion "1"]
[SourceVersionDate "2022.10.05"]
[SourceQuality "1"]
[WhiteTeam "Leipzig Fortuna"]
[BlackTeam "Loeberitz"]
[WhiteTeamCountry "GER"]
[BlackTeamCountry "GER"]

1. d4 Nf6 2. Nc3 d5 3. e4 dxe4 4. f3 e3 5. Bxe3 g6 6. Bc4 Bg7 7. Qd2 0-0 8. Nge2 Nbd7 9. h4 e5 10. h5 exd4 11. Bxd4 c5 12. Bxf6 Nxf6 13. Qg5 Nxh5 14. Qxc5 b6 15. Qf2 Re8 16. 0-0 Bb7 17. Rad1 Qc7 18. Bd5 Bxd5 19. Rxd5 Nf6 20. Rd3 Re5 21. Rfd1 Rae8 22. Nc1 Bh6 23. Qh4 Bg5 24. Qd4 Re1+ 25. Kf2 Qh2 26. N1e2 Bh4+ 27. Qxh4 Qxh4+ 28. g3 R1xe2+ 0-1

[Event "BL2-Ost 2122"]
[Site "Germany"]
[Date "2022.03.06"]
[Round "2.2"]
[White "Pallas, Sebastian"]
[Black "Kaczur, Florian"]
[Result "1/2-1/2"]
[WhiteElo "2248"]
[BlackElo "2484"]
[PlyCount "94"]
[EventDate "2022.03.05"]
[EventType "team-tourn"]
[EventRounds "10"]
[EventCountry "GER"]
[SourceTitle "EXT 2023"]
[Source "ChessBase"]
[SourceDate "2022.10.05"]
[SourceVersion "1"]
[SourceVersionDate "2022.10.05"]
[SourceQuality "1"]
[WhiteTeam "Loeberitz"]
[BlackTeam "Regensburg Bavaria"]
[WhiteTeamCountry "GER"]
[BlackTeamCountry "GER"]

1. e4 e6 2. d4 d5 3. Nd2 a6 4. Bd3 c5 5. dxc5 Bxc5 6. Ngf3 Nc6 7. 0-0 Nge7 8. c3 0-0 9. Qe2 Ng6 10. Nb3 Bd6 11. exd5 exd5 12. h3 Re8 13. Qc2 Bc7 14. Bg5 Qd6 15. Rfe1 Bd7 16. Bf5 Nge5 17. Nbd2 h6 18. Bxd7 Qxd7 19. Be3 Re6 20. Nd4 Rg6 21. Nxc6 bxc6 22. f4 Qxh3 23. Qxg6 Qxe3+ 24. Rxe3 Nxg6 25. Kf1 Bxf4 26. Re2 Kf8 27. Nf3 Bd6 28. Rd1 Nf4 29. Red2 Nh5 30. Nd4 Ng3+ 31. Kg1 Rc8 32. b3 g6 33. c4 c5 34. Ne2 d4 35. Nxg3 Bxg3 36. Rd3 Bf4 37. Kf2 Re8 38. Kf3 Be3 39. Rb1 a5 40. a3 Ke7 41. b4 axb4 42. axb4 cxb4 43. Rxb4 Kd6 44. Rb7 f5 45. Rdb3 Bd2 46. g3 Bc3 47. R7b5 Re3+ 1/2-1/2

[Event "BL2-Ost 2122"]
[Site "Germany"]
[Date "2022.03.05"]
[Round "1.2"]
[White "Schmidt, Peter"]
[Black "Pallas, Sebastian"]
[Result "1/2-1/2"]
[WhiteElo "2400"]
[BlackElo "2248"]
[PlyCount "37"]
[EventDate "2022.03.05"]
[EventType "team-tourn"]
[EventRounds "10"]
[EventCountry "GER"]
[SourceTitle "EXT 2023"]
[Source "ChessBase"]
[SourceDate "2022.10.05"]
[SourceVersion "1"]
[SourceVersionDate "2022.10.05"]
[SourceQuality "1"]
[WhiteTeam "Passau"]
[BlackTeam "Loeberitz"]
[WhiteTeamCountry "GER"]
[BlackTeamCountry "GER"]

1. Nf3 Nf6 2. g3 g6 3. b3 Bg7 4. Bb2 0-0 5. Bg2 d5 6. c4 c6 7. 0-0 Re8 8. Qc2 Bg4 9. d3 Bxf3 10. Bxf3 e6 11. Nd2 Nfd7 12. d4 Na6 13. Rad1 Rc8 14. e4 Nf6 15. Bg2 dxe4 16. Nxe4 Nxe4 17. Bxe4 Qe7 18. Rfe1 c5 19. dxc5 1/2-1/2

[Event "Sachsen-Anhalt-ch"]
[Site "Magdeburg"]
[Date "2021.10.30"]
[Round "6"]
[White "Pallas, Sebastian"]
[Black "Hartge, Gedeon"]
[Result "0-1"]
[WhiteElo "2231"]
[BlackElo "2251"]
[PlyCount "86"]
[EventDate "2021.10.28"]
[EventType "swiss"]
[EventRounds "7"]
[EventCountry "GER"]
[SourceTitle "CBM 205 Extra"]
[Source "ChessBase"]
[SourceDate "2022.01.31"]
[SourceVersion "1"]
[SourceVersionDate "2022.01.31"]
[SourceQuality "1"]

1. e4 c6 2. d4 d5 3. Nc3 dxe4 4. Nxe4 Nf6 5. Nxf6+ exf6 6. c3 Bd6 7. Bd3 0-0 8. Ne2 Re8 9. 0-0 Qc7 10. Ng3 Nd7 11. f4 c5 12. dxc5 Bxc5+ 13. Kh1 Nf8 14. Qf3 Bd7 15. Be4 Bb5 16. Rd1 Rad8 17. Bd2 Bc6 18. Bxc6 Qxc6 19. Qxc6 bxc6 20. f5 Bd6 21. Be1 g6 22. c4 Be5 23. Rxd8 Rxd8 24. Rb1 Bxg3 25. Bxg3 gxf5 26. h3 Ne6 27. Be1 Rd3 28. Bc3 Kg7 29. Kg1 Nc5 30. Kf1 Ne4 31. Be1 f4 32. b4 f3 33. gxf3 Rxf3+ 34. Kg2 Ra3 35. Rb2 a6 36. b5 axb5 37. cxb5 cxb5 38. Rxb5 Rxa2+ 39. Kf3 Ng5+ 40. Kg3 Ra3+ 41. Kg4 Kg6 42. h4 h5+ 43. Kf4 Rf3# 0-1

[Event "Sachsen-Anhalt-ch"]
[Site "Magdeburg"]
[Date "2021.10.30"]
[Round "5"]
[White "Pikalow, Michael"]
[Black "Pallas, Sebastian"]
[Result "1-0"]
[WhiteElo "1906"]
[BlackElo "2231"]
[PlyCount "81"]
[EventDate "2021.10.28"]
[EventType "swiss"]
[EventRounds "7"]
[EventCountry "GER"]
[SourceTitle "CBM 205 Extra"]
[Source "ChessBase"]
[SourceDate "2022.01.31"]
[SourceVersion "1"]
[SourceVersionDate "2022.01.31"]
[SourceQuality "1"]

1. e4 c5 2. Nc3 d6 3. d4 cxd4 4. Qxd4 a6 5. b3 Nc6 6. Qd2 g6 7. Bb2 Bg7 8. 0-0-0 Nf6 9. f3 0-0 10. g4 Qa5 11. Kb1 Be6 12. Nge2 Rfd8 13. g5 Nd7 14. h4 Nb6 15. Nf4 Rac8 16. a3 d5 17. Ncxd5 Qxd2 18. Rxd2 Bxd5 19. Nxd5 Nxd5 20. exd5 e6 21. Bh3 Rc7 22. Rhd1 exd5 23. Rxd5 Rxd5 24. Rxd5 Bxb2 25. Kxb2 Re7 26. Rd7 Kg7 27. Rxe7 Nxe7 28. Kc3 f5 29. Kd4 Kf7 30. Ke5 Nc6+ 31. Kd5 Ke7 32. f4 Nd8 33. h5 Ne6 34. Ke5 Nc5 35. h6 Nd7+ 36. Kd5 Nb6+ 37. Kd4 Kd6 38. Bxf5 Nd5 39. Bxg6 Nxf4 40. Bxh7 Ne6+ 41. Ke3 1-0

[Event "Prague Summer op-A 8th"]
[Site "Prague"]
[Date "2021.08.10"]
[Round "6"]
[White "Pallas, Sebastian"]
[Black "Vantuch, Lucian"]
[Result "1-0"]
[WhiteElo "2249"]
[BlackElo "2034"]
[PlyCount "95"]
[EventDate "2021.08.06"]
[EventType "swiss"]
[EventRounds "9"]
[EventCountry "CZE"]
[SourceTitle "CBM 203 Extra"]
[Source "ChessBase"]
[SourceDate "2021.09.30"]
[SourceVersion "1"]
[SourceVersionDate "2021.09.30"]
[SourceQuality "1"]

1. e4 c5 2. Nf3 Nc6 3. d4 cxd4 4. Nxd4 Qb6 5. Nb3 e6 6. Bd3 Nf6 7. 0-0 Be7 8. Kh1 d6 9. Qe2 a6 10. N1d2 0-0 11. f4 Qc7 12. Nf3 e5 13. Nbd2 Nh5 14. fxe5 dxe5 15. Nc4 b5 16. Ne3 Nf4 17. Nd5 Nxe2 18. Nxc7 Nxc1 19. Rfxc1 Ra7 20. Nd5 Bc5 21. c3 Be6 22. b4 Bd6 23. a4 Rb8 24. axb5 axb5 25. Rxa7 Nxa7 26. Ra1 Nc8 27. Ra5 f5 28. Ne3 fxe4 29. Bxe4 Bc7 30. Ra6 Nb6 31. Ra7 Bd8 32. Nxe5 Bf6 33. Nf3 Bxc3 34. Ng5 Bc4 35. Nxc4 bxc4 36. Bxh7+ Kh8 37. Bg6 Bxb4 38. Rf7 Bd2 39. Nf3 c3 40. g4 Nd5 41. h4 Ne3 42. g5 Rc8 43. h5 Nd5 44. Bf5 g6 45. hxg6 c2 46. Rh7+ Kg8 47. Be6+ Kf8 48. g7+ 1-0

[Event "Prague Summer op-A 8th"]
[Site "Prague"]
[Date "2021.08.09"]
[Round "5"]
[White "Von Zimmermann, Georg"]
[Black "Pallas, Sebastian"]
[Result "1/2-1/2"]
[WhiteElo "2094"]
[BlackElo "2249"]
[PlyCount "51"]
[EventDate "2021.08.06"]
[EventType "swiss"]
[EventRounds "9"]
[EventCountry "CZE"]
[SourceTitle "CBM 203 Extra"]
[Source "ChessBase"]
[SourceDate "2021.09.30"]
[SourceVersion "1"]
[SourceVersionDate "2021.09.30"]
[SourceQuality "1"]

1. d4 Nf6 2. Bf4 g6 3. Nc3 d5 4. e3 c6 5. h4 h6 6. Nf3 Bg7 7. Ne5 Nbd7 8. Qd2 Nf8 9. 0-0-0 Bd7 10. e4 Qa5 11. Nxd7 N6xd7 12. exd5 cxd5 13. Kb1 Ne6 14. Be3 Nf6 15. Be2 h5 16. f3 0-0-0 17. g4 Kb8 18. Bf2 Ka8 19. Rhe1 Rc8 20. g5 Ne8 21. Nb5 Qxd2 22. Rxd2 N6c7 23. Nxc7+ Nxc7 24. Bg3 e6 25. Be5 Rhg8 26. c4 1/2-1/2

[Event "Prague Summer op-A 8th"]
[Site "Prague"]
[Date "2021.08.07"]
[Round "2"]
[White "Brozka, Karel"]
[Black "Pallas, Sebastian"]
[Result "1-0"]
[WhiteElo "2054"]
[BlackElo "2249"]
[PlyCount "67"]
[EventDate "2021.08.06"]
[EventType "swiss"]
[EventRounds "9"]
[EventCountry "CZE"]
[SourceTitle "CBM 203 Extra"]
[Source "ChessBase"]
[SourceDate "2021.09.30"]
[SourceVersion "1"]
[SourceVersionDate "2021.09.30"]
[SourceQuality "1"]

1. d4 Nf6 2. c4 g6 3. Nc3 d5 4. Nf3 Bg7 5. Bg5 Ne4 6. cxd5 Nxg5 7. Nxg5 e6 8. Qd2 h6 9. Nf3 exd5 10. e3 0-0 11. Be2 c6 12. 0-0 Nd7 13. b4 Nf6 14. Rab1 Bf5 15. Bd3 Qc8 16. Rfc1 Qe6 17. Bxf5 Qxf5 18. b5 Rfc8 19. bxc6 bxc6 20. Na4 Ne4 21. Qa5 g5 22. Nc5 Nd6 23. Nd2 Bf8 24. Qa6 Rab8 25. Rxb8 Rxb8 26. Ncb3 Rb6 27. Qxa7 Nc8 28. Qa8 Ne7 29. a4 Qd3 30. a5 Rxb3 31. Nxb3 Qxb3 32. a6 Qa3 33. Rf1 c5 34. Qb7 1-0

[Event "Sachsen-Anhalt-ch 30th"]
[Site "Magdeburg"]
[Date "2020.10.23"]
[Round "3.2"]
[White "Maltezeanu, Stefan"]
[Black "Pallas, Sebastian"]
[Result "1/2-1/2"]
[WhiteElo "2154"]
[BlackElo "2315"]
[PlyCount "83"]
[EventDate "2020.10.22"]
[EventType "swiss"]
[EventRounds "7"]
[EventCountry "GER"]
[SourceTitle "EXT 2022"]
[Source "ChessBase"]
[SourceDate "2021.10.06"]
[SourceVersion "1"]
[SourceVersionDate "2021.10.06"]
[SourceQuality "1"]

1. e4 c5 2. Nf3 d6 3. d4 cxd4 4. Nxd4 Nf6 5. Nc3 a6 6. Bg5 e6 7. f4 Be7 8. Qf3 Qc7 9. 0-0-0 Nbd7 10. g4 h6 11. Bxf6 Bxf6 12. Kb1 Qb6 13. Nb3 Qc7 14. Nd4 Qb6 15. Nb3 Be7 16. h4 Nc5 17. g5 Bd7 18. Bg2 0-0-0 19. Nxc5 Qxc5 20. Qg3 hxg5 21. hxg5 Rxh1 22. Rxh1 g6 23. Qe1 Kb8 24. Rh7 Be8 25. Rh3 Rc8 26. Qe3 b5 27. Qxc5 Rxc5 28. Rh8 Rc8 29. Bh3 Rd8 30. a3 a5 31. b4 axb4 32. axb4 Bc6 33. Rxd8+ Bxd8 34. Bf1 e5 35. fxe5 dxe5 36. Bxb5 Kb7 37. Bc4 Bxg5 38. Bxf7 Bd2 39. Nd5 Bxd5 40. Bxd5+ Kb6 41. c4 Bxb4 42. Kc2 1/2-1/2

[Event "Sachsen-Anhalt-ch 30th"]
[Site "Magdeburg"]
[Date "2020.10.22"]
[Round "2.3"]
[White "Pallas, Sebastian"]
[Black "Michael, Dirk"]
[Result "1/2-1/2"]
[WhiteElo "2315"]
[BlackElo "2083"]
[PlyCount "129"]
[EventDate "2020.10.22"]
[EventType "swiss"]
[EventRounds "7"]
[EventCountry "GER"]
[SourceTitle "EXT 2022"]
[Source "ChessBase"]
[SourceDate "2021.10.06"]
[SourceVersion "1"]
[SourceVersionDate "2021.10.06"]
[SourceQuality "1"]

1. e4 c6 2. d4 d5 3. Nc3 dxe4 4. Nxe4 Nf6 5. Nxf6+ gxf6 6. Be3 Bf5 7. Ne2 h5 8. h4 e6 9. Ng3 Bg6 10. Bd3 Bd6 11. Ne4 Be7 12. Qd2 Nd7 13. 0-0-0 Nb6 14. Kb1 Bxe4 15. Bxe4 Nc4 16. Qe2 Nxe3 17. fxe3 f5 18. Bf3 Bxh4 19. Bxh5 Qg5 20. Bf3 0-0-0 21. c4 Bg3 22. Rxh8 Rxh8 23. d5 exd5 24. cxd5 cxd5 25. Rxd5 Qe7 26. Qc4+ Kb8 27. Qd4 Rh1+ 28. Kc2 Rh4 29. Qd3 Bc7 30. a3 a6 31. Rxf5 Rh6 32. Rd5 Rc6+ 33. Kb1 Rd6 34. Rxd6 Bxd6 35. Qd5 f6 36. Kc2 Be5 37. g4 Bd6 38. b4 Qc7+ 39. Kd3 Be5 40. Qc5 Qd7+ 41. Ke2 Qe6 42. Qc2 Bd6 43. Kd3 Qd7 44. Kc3 a5 45. Qe4 axb4+ 46. axb4 Be5+ 47. Kb3 Qc7 48. Ka4 Qd7+ 49. Kb3 Qe6+ 50. Qd5 Qb6 51. Qc5 Qe6+ 52. Qd5 Qxd5+ 53. Bxd5 Kc7 54. Kc4 b6 55. Bf7 Kd6 56. Kb5 Kc7 57. Kc4 Kd6 58. Kd3 Bb2 59. Ke4 Bc3 60. Kf5 Ke7 61. Bc4 Bxb4 62. e4 Bc3 63. e5 Bxe5 64. g5 fxg5 65. Kxe5 1/2-1/2

[Event "GER-chT Lands U20"]
[Site "Berlin"]
[Date "2020.10.02"]
[Round "5.1"]
[White "Knuedel, Torben"]
[Black "Pallas, Sebastian"]
[Result "1/2-1/2"]
[WhiteElo "2211"]
[BlackElo "2315"]
[PlyCount "98"]
[EventDate "2020.09.29"]
[EventType "team-swiss"]
[EventRounds "7"]
[EventCountry "GER"]
[SourceTitle "CBM 198 Extra"]
[Source "ChessBase"]
[SourceDate "2020.11.30"]
[SourceVersion "1"]
[SourceVersionDate "2020.11.30"]
[SourceQuality "1"]
[WhiteTeam "Niedersachsen U20"]
[BlackTeam "Sachsen Anhalt U20"]
[WhiteTeamCountry "GER"]
[BlackTeamCountry "GER"]

1. e4 c5 2. Nf3 d6 3. d4 cxd4 4. Nxd4 Nf6 5. Nc3 a6 6. Bg5 e6 7. Qf3 Nbd7 8. 0-0-0 Qc7 9. Qg3 Be7 10. Be2 b5 11. Bxb5 axb5 12. Ndxb5 Qb8 13. Nxd6+ Bxd6 14. Qxd6 Qxd6 15. Rxd6 Ra5 16. Bxf6 gxf6 17. Rhd1 Ra6 18. R6d4 Rg8 19. g3 Rg5 20. b4 Ke7 21. a4 Rc6 22. Nb5 Nb6 23. Na7 Rc7 24. Nb5 Rc6 25. h4 Rh5 26. g4 Rxb5 27. axb5 Rc7 28. g5 fxg5 29. hxg5 Bd7 30. Rh1 e5 31. Rdd1 Nc4 32. Rxh7 Ra7 33. Rxd7+ Rxd7 34. g6 Kf8 35. Rxf7+ Rxf7 36. gxf7 Kxf7 37. c3 Ke6 38. Kc2 Na3+ 39. Kd3 Nxb5 40. c4 Nc7 41. Ke3 Na6 42. b5 Nc5 43. f4 exf4+ 44. Kxf4 Nd7 45. Ke3 Ke5 46. Kf3 Kd4 47. Kf4 Kxc4 48. e5 Nxe5 49. Kxe5 Kxb5 1/2-1/2

[Event "Oberliga Ost-A 1920"]
[Site "Germany"]
[Date "2020.03.01"]
[Round "9.1"]
[White "Pallas, Sebastian"]
[Black "Bures, Jaroslav"]
[Result "1/2-1/2"]
[WhiteElo "2313"]
[BlackElo "2388"]
[PlyCount "70"]
[EventDate "2019.09.29"]
[EventType "team-tourn"]
[EventRounds "11"]
[EventCountry "GER"]
[SourceTitle "EXT 2023"]
[Source "ChessBase"]
[SourceDate "2022.10.05"]
[SourceVersion "1"]
[SourceVersionDate "2022.10.05"]
[SourceQuality "1"]
[WhiteTeam "Loeberitz"]
[BlackTeam "Hoyerswerda"]
[WhiteTeamCountry "GER"]
[BlackTeamCountry "GER"]

1. e4 c6 2. d4 d5 3. Nc3 dxe4 4. Nxe4 Bf5 5. Ng3 Bg6 6. h4 h6 7. Nf3 e6 8. Ne5 Bh7 9. Bd3 Bxd3 10. Qxd3 Nd7 11. Bf4 Nxe5 12. Bxe5 Qa5+ 13. c3 0-0-0 14. Bf4 Nf6 15. 0-0 Bd6 16. Bxd6 Rxd6 17. Ne4 Nxe4 18. Qxe4 Qh5 19. Rfe1 g5 20. g3 gxh4 21. Qxh4 Qxh4 22. gxh4 Rd5 23. f3 c5 24. Re4 cxd4 25. Rxd4 Rxd4 26. cxd4 Kd7 27. Rc1 Rc8 28. Rxc8 Kxc8 29. Kf2 Kd7 30. Kg3 f5 31. Kf4 Kd6 32. Ke3 Kd5 33. b3 b5 34. h5 Kc6 35. Kd3 Kd5 1/2-1/2

[Event "GER CupT 1920 prel3"]
[Site "Weissensee"]
[Date "2020.01.11"]
[Round "1.1"]
[White "Schliebener, Stephan"]
[Black "Pallas, Sebastian"]
[Result "1/2-1/2"]
[WhiteElo "2111"]
[BlackElo "2291"]
[PlyCount "80"]
[EventDate "2020.01.11"]
[EventType "team-k.o."]
[EventRounds "2"]
[EventCountry "GER"]
[SourceTitle "EXT 2021"]
[Source "ChessBase"]
[SourceDate "2020.10.23"]
[SourceVersion "1"]
[SourceVersionDate "2020.10.23"]
[SourceQuality "1"]
[WhiteTeam "Weissensee Chemie"]
[BlackTeam "Loeberitz"]
[WhiteTeamCountry "GER"]
[BlackTeamCountry "GER"]

1. d4 Nf6 2. c4 g6 3. Nc3 d5 4. Nf3 Bg7 5. e3 0-0 6. Be2 dxc4 7. Bxc4 c5 8. 0-0 Nc6 9. dxc5 Qa5 10. h3 Qxc5 11. Qe2 a6 12. a3 b5 13. Ba2 Bb7 14. Bd2 Ne5 15. Nxe5 Qxe5 16. Rac1 Rfd8 17. Rfd1 Rac8 18. f3 Bh6 19. f4 Qb8 20. Be1 Bg7 21. Rxd8+ Rxd8 22. Rd1 Bc6 23. Rxd8+ Qxd8 24. Bb1 Qd6 25. Qd2 Qxd2 26. Bxd2 Nd7 27. Nd1 Nb6 28. b3 e6 29. Kf2 Bf8 30. Bc1 Nd5 31. g3 Bc5 32. Ke2 f5 33. b4 Bd6 34. Ba2 Kf7 35. Bb2 Nf6 36. Nf2 h6 37. Nd3 Nd7 38. Bd4 g5 39. fxg5 hxg5 40. h4 Bxg3 1/2-1/2

[Event "Staufer op 32nd"]
[Site "Schwaebisch Gmuend"]
[Date "2020.01.02"]
[Round "2"]
[White "Schroeder, Jan Christian"]
[Black "Pallas, Sebastian"]
[Result "1-0"]
[WhiteElo "2553"]
[BlackElo "2268"]
[PlyCount "137"]
[EventDate "2020.01.02"]
[EventType "swiss"]
[EventRounds "9"]
[EventCountry "GER"]
[SourceTitle "CBM 194 Extra"]
[Source "ChessBase"]
[SourceDate "2020.03.31"]
[SourceVersion "1"]
[SourceVersionDate "2020.03.31"]
[SourceQuality "1"]

1. e4 c5 2. Nf3 d6 3. d4 cxd4 4. Nxd4 Nf6 5. Nc3 a6 6. Be3 e6 7. f3 h5 8. a4 b6 9. Bc4 Qc7 10. Qe2 Be7 11. 0-0 0-0 12. Rad1 Nc6 13. Nxc6 Qxc6 14. Bd4 Bb7 15. Bb3 Rfe8 16. Rfe1 Rad8 17. Kh1 Qc7 18. Qf2 Nd7 19. Rd2 Bf6 20. Red1 Bxd4 21. Rxd4 Nc5 22. Qh4 Nxb3 23. cxb3 d5 24. h3 g6 25. exd5 exd5 26. Qf4 Qxf4 27. Rxf4 Kg7 28. Kg1 Re6 29. h4 f6 30. Kf2 Kf7 31. Rfd4 Red6 32. R1d2 Ke6 33. Ne2 Kf7 34. Nc1 Bc8 35. Na2 Ke6 36. Nb4 Bb7 37. Rc2 Rc8 38. Rc3 Ke5 39. Ke3 Ke6 40. Nd3 Kf7 41. Nf4 Re8+ 42. Kd2 Re7 43. b4 Bc6 44. b3 Red7 45. Rc1 Re7 46. Ne2 Rde6 47. Nf4 Rd6 48. Kd3 Kg7 49. Rd1 Kf7 50. Kd2 Re5 51. Rd3 Bd7 52. Rc1 Bc6 53. Rdc3 Bd7 54. Rc7 g5 55. hxg5 fxg5 56. Nxh5 g4 57. Nf4 gxf3 58. gxf3 Kf6 59. Ne2 d4 60. Rh1 d3 61. Ng3 Rd4 62. Ne4+ Ke7 63. Rb7 Re6 64. Ke3 Rd5 65. Rd1 Kd8 66. Rb8+ Bc8 67. Rc1 d2 68. Rbxc8+ Kd7 69. R1c7# 1-0

[Event "Oberliga Ost-A 1920"]
[Site "Germany"]
[Date "2019.12.08"]
[Round "5.1"]
[White "Burian, Simon"]
[Black "Pallas, Sebastian"]
[Result "0-1"]
[WhiteElo "2225"]
[BlackElo "2313"]
[PlyCount "98"]
[EventDate "2019.09.29"]
[EventType "team-tourn"]
[EventRounds "11"]
[EventCountry "GER"]
[SourceTitle "EXT 2021"]
[Source "ChessBase"]
[SourceDate "2020.10.23"]
[SourceVersion "1"]
[SourceVersionDate "2020.10.23"]
[SourceQuality "1"]
[WhiteTeam "Plauen Koenig II"]
[BlackTeam "Loeberitz"]
[WhiteTeamCountry "GER"]
[BlackTeamCountry "GER"]

1. e4 c5 2. Nf3 Nc6 3. Bb5 Nd4 4. Bc4 e6 5. c3 Nxf3+ 6. Qxf3 Qc7 7. d3 Ne7 8. Bf4 d6 9. Nd2 Ng6 10. Bg3 Bd7 11. a4 Be7 12. Qe2 Bf6 13. 0-0 0-0 14. f4 Qb6 15. Nf3 Rae8 16. e5 Be7 17. exd6 Bxd6 18. Ne5 Bxe5 19. fxe5 Bc6 20. Bf2 Qc7 21. Qe3 b6 22. Rfe1 Qb7 23. Qg3 Rd8 24. d4 cxd4 25. cxd4 Be4 26. Bf1 Ne7 27. Ra3 Bg6 28. Qf4 Nd5 29. Qf3 Qe7 30. h4 h6 31. a5 Rc8 32. axb6 axb6 33. h5 Bh7 34. Qg4 Bf5 35. Qd1 Rc2 36. Qa1 Qg5 37. Rg3 Qxh5 38. Qa6 g5 39. b3 Qg6 40. Bc4 h5 41. Bxd5 exd5 42. Rge3 h4 43. Qb7 Be4 44. Rxe4 dxe4 45. Qxe4 Qxe4 46. Rxe4 Ra8 47. d5 Raa2 48. Bxb6 Rxg2+ 49. Kh1 h3 0-1

[Event "Oberliga Ost-A 1920"]
[Site "Germany"]
[Date "2019.12.07"]
[Round "4.1"]
[White "Pallas, Sebastian"]
[Black "Mastrovasilis, Dimitrios"]
[Result "0-1"]
[WhiteElo "2313"]
[BlackElo "2599"]
[PlyCount "134"]
[EventDate "2019.09.29"]
[EventType "team-tourn"]
[EventRounds "11"]
[EventCountry "GER"]
[SourceTitle "EXT 2021"]
[Source "ChessBase"]
[SourceDate "2020.10.23"]
[SourceVersion "1"]
[SourceVersionDate "2020.10.23"]
[SourceQuality "1"]
[WhiteTeam "Loeberitz"]
[BlackTeam "Plauen Koenig"]
[WhiteTeamCountry "GER"]
[BlackTeamCountry "GER"]

1. e4 c5 2. Nf3 e6 3. d4 cxd4 4. Nxd4 Nc6 5. Nxc6 bxc6 6. Bd3 Nf6 7. 0-0 d5 8. Nd2 Qc7 9. Qe2 Bd6 10. h3 0-0 11. c4 Bb7 12. Re1 Nd7 13. Nf3 dxc4 14. Bxc4 c5 15. b3 Ne5 16. Bb2 Rfd8 17. Nd2 Nc6 18. e5 Be7 19. Nf3 Rd7 20. Rad1 Rad8 21. Rxd7 Qxd7 22. Bb5 h6 23. Bc3 Qc7 24. Rc1 Qb6 25. Bd3 Nb4 26. Bb1 Qa6 27. Qxa6 Bxa6 28. Bxb4 cxb4 29. Rc7 Bf8 30. Rxa7 Rd1+ 31. Kh2 Rxb1 32. Rxa6 Rb2 33. Kg3 Bc5 34. h4 Bxf2+ 35. Kh3 g6 36. Ra4 Bc5 37. Ra5 Rc2 38. Kg3 Kg7 39. Kf4 Be7 40. g3 Bc5 41. Rb5 Rc3 42. g4 Be7 43. Ke4 Bc5 44. Kf4 Rc2 45. Ne1 g5+ 46. hxg5 hxg5+ 47. Kf3 Rc3+ 48. Kg2 Bf8 49. Kf2 Kg6 50. Rb8 Bc5+ 51. Kg2 Re3 52. Nf3 Re2+ 53. Kh3 Be3 54. Rxb4 Bf4 55. a4 Rf2 56. a5 Rxf3+ 57. Kg2 Rg3+ 58. Kf1 Rf3+ 59. Kg2 Rc3 60. a6 Rc7 61. Ra4 Be3 62. b4 Rc4 63. a7 Bxa7 64. Rxa7 Rxg4+ 65. Kf3 Rxb4 66. Rc7 Rf4+ 67. Kg3 Rf5 0-1